00650nam a2200217 a 450000100060000000300080000600500170001400800410003103500190007204000260009104100080011708200240012510000390014924500630018826000410025130000270029250000190031965000260033865000200036465100480038464042BD-RjUL20211209081250.0080217s1931 nyu 001 0 eng  a(BD-RjUL)64172 aDLCcFMdBD-RjULbeng aeng a940.3223bMOH 19311 aMowat, Robert Balmain,d1883-1941.02aA history of European diplomacy, 1914-1925 /cR. B. Mowat  aNew York :bE. Arnold & co. ,c1931. aviii, 343 p. ;c22 cm. aIncludes index 0aWorld War, 1914-1918. 0aWorld politics. 0aEuropexPolitics and governmenty1918-1945.